Представление документа в формате RUSMARC

ПолеНазваниеЗначение
  Тип записи a
  Библиографический уровень m
001 Контрольный номер RU/УОНБ/EK/615401216
005 Дата корректировки 20250520123237.7
010 Индекс ISBN __
d Цена 30 к.
9 Тираж 1000 экз.
100 Данные общей обработки __
a Данные общей обработки 20190702d1981 u y0rusy0189||||ca
101 Язык документа 0_
a Язык текста rus
102 Страна публикации __
a Страна публикации RU
105 Кодированные данные (монография) __
a Кодированные данные (монография) a z 000yy
200 Заглавие и сведения об ответственности 1_
a Заглавие Искусство Вьетнама
e Сведения, относящиеся к заглавию древнее, средневековое, современное
e Сведения, относящиеся к заглавию кат. выставки
f Первые сведения об ответственности М-во культуры СССР, М-во культуры и информ. СРВ [и др.]
g Последующие сведения об ответственности [сост. Нгуен Биг, Нгуен Хай Иен
g Последующие сведения об ответственности предисл. Нгуен Ван И]
210 Выходные данные 1_
a Место издания Москва
c Издательство Сов. художник
d Дата издания 1981
215 Физическое описание __
a Объем [10] с.
c Иллюстрации/тип воспроизводства ил., 10 л. цв. ил.
d Формат 21 см
606 Тематические рубрики 0_
a Основная рубрика Вьетнамское изобразительное искусство
x Основная подрубрика Выставки, 1981
y Географическая подрубрика Москва
610 Ключевые слова 0_
a Ключевые слова вьетнамское изобразительное искусство
610 Ключевые слова 0_
a Ключевые слова Вьетнам - история
610 Ключевые слова 0_
a Ключевые слова вьетнамская живопись
686 Индексы других классификаций __
a Классификационный индекс 85.103(5)
2 Код системы rubbk
702 Вторичная интеллектуальная ответственность _1
a Фамилия Нгуен Биг
4 Код отношения 220
702 Вторичная интеллектуальная ответственность _1
a Фамилия Нгуен Хай Иен
4 Код отношения 220
702 Вторичная интеллектуальная ответственность _1
a Фамилия Нгуен Ван И
4 Код отношения 080
712 Наименование организации (Вторичная ответственность) 02
a Организация/ юрисдикция Министерство культуры СССР
b Другие уровни Государственный музей искусства народов Востока
4 Код отношения 570
712 Наименование организации (Вторичная ответственность) 02
a Организация/ юрисдикция Министерство культуры и информации СРВ
b Другие уровни Музей изобразительного искусства Вьетнама (СРВ)
4 Код отношения 570
801 Источник записи _0
a Страна RU
b Организация Ульяновская ОНБ
c Дата составления 20190702
g Правила каталогизации RCR
801 Источник записи _1
a Страна RU
b Организация Ульяновская ОНБ
c Дата составления 20190702
g Правила каталогизации RCR
901 Тип документа __
t Тип документа m
909 Создатель записи __
a Создатель записи Балакирева
938 Служебная информация __
a Имя БД retro
b Имя библиотеки УОНБ
c Имя АИБС МАРК-SQL
d Номер DOC_ID в БД 298153